Kaučovanie - súčasť manažmentu podniku

Enregistré dans:
Détails bibliographiques
Auteur principal: Bosáková, Mária
Autres auteurs: Gajdoš, Jozef, 1962-2025
Format: Chapitre de livre
Langue:slovaque
Tags: Ajouter un tag
Pas de tags, Soyez le premier à ajouter un tag!

MARC

LEADER 00000naa$a2200000$$$4500
001 0117665
005 20240502072321.2
041 0 |a slo 
044 |a SK 
245 1 0 |a Kaučovanie - súčasť manažmentu podniku  |c Mária Bosáková, Jozef Gajdoš 
100 1 |a Bosáková, Mária 
700 1 |a Gajdoš, Jozef, 1962-2025